Vindicacion y protesta (Record no. 165256)

MARC details
000 -LEADER
campo de control de longitud fija 00507nam a2200145 i 4500
001 - NÚMERO DE CONTROL
campo de control 165256
003 - IDENTIFICADOR DE NÚMERO DE CONTROL
campo de control ES-MaACL
005 - FECHA Y HORA DE LA ÚLTIMA TRANSACCIÓN
campo de control 20230906213110.0
008 - DATOS DE LONGITUD FIJA--INFORMACIÓN GENERAL
campo de control de longitud fija 000114s1897 sp |||| | spa d
100 1# - ENTRADA PRINCIPAL--NOMBRE DE PERSONA
Nombre de persona Serrano y Aguado, Gregorio F.
9 (RLIN) 132671
245 10 - MENCIÓN DEL TÍTULO
Título Vindicacion y protesta
Resto del título : polémica sostenida con Don José Alfonso /
Mención de responsabilidad, etc. por Gregorio F. Serrano y Aguado.
260 ## - PUBLICACIÓN, DISTRIBUCIÓN, ETC.
Lugar de publicación, distribución, etc. Palencia :
Nombre del editor, distribuidor, etc. [s.n.],
Fecha de publicación, distribución, etc. 1897 (
Fabricante Est. Tip. de Abundio Z. Menéndez)
300 ## - DESCRIPCIÓN FÍSICA
Extensión 50 p. ;
Dimensiones 20 cm.
852 ## - LOCALIZACIÓN
Ubicación ES-MaACL
Número de control de estantería 1674-F-16
Holdings
Estatus retirado Estado de pérdida Estado de daño No para préstamo Colección Biblioteca de origen Biblioteca actual Ubicación en estantería Fecha de adquisición Fuente de adquisición Total de préstamos Signatura topográfica completa Código de barras Visto por última vez Precio de reemplazo Tipo de ítem Koha
        Colección de folletos Biblioteca del Ateneo de Madrid Biblioteca del Ateneo de Madrid Depósito folletos 17/01/2008     1674-F-16 1173289 23/02/2023 23/02/2023 Folleto